1896 1897 1875 1774 1476 1379 1907 1273 1453 1163 1518 1823 1912 1803 1990 1695 1815 1647 1834 1494 1742 1038 1582 1278 1856 1443 1557 1698 1394 1515 1588 1269 1803 1091 1336 1947 1458 1728 1297 1075 1447 1526 1785 1472 1723 1563 1197 1714 1748 1637 1390 1162 1568 1889 1896 1018 1483 1346 1768 1447 1805 1802 1842 1003 1320 1674 1223 1559 1727 1657 1412 1966 1219 1162 1129 1476 1619 1937 1793 1050 1580 1823 1562 1595 1830 1912 1927 1137 1188 1131 1910 1252 1887 1990 1129 1792 1765 1512 1997 BCNSPRNW ULIB Ver.6.0+V

เปลี่ยนเป็นภาษาไทย

Change to English
 แสดงรายละเอียดบรรณานุกรม
  กลับหน้าหลัก

Brief Record : Get Marc (ISO 2709) : E-mail record : QR code < ปิดหน้าต่าง
LEADER : 00000nam 2200000uu 4500
001    13399129206
003     ULIB
008    020711s2568 th a 000 0 tha d
020    ^a9786166200607
060    ^aWY156^bข226ก
100    ^aขนิษฐา รัตนกัลยา
245    ^aการพยาบาลผู้ป่วยมะเร็งตับและมะเร็งท่อน้ำดีที่ได้รับการรักษาทางศัลยกรรม
250    ^aพิมพ์ครั้งที่ 1
260    ^aเชียงใหม่ :^bโครงการตำราคณะพยาบาลศาสตร์ มหาวิทยาลัยเชียงใหม่,^c2568
300    ^a269 หน้า;^b26 ซม.
650    ^aมะเร็ง^xการพยาบาล
650    ^aมะเร็งตับ
650    ^aมะเร็งท่อน้ำดี
999    ^aประนอม เกษจรัล
รายการนี้ยังไม่มีแท็ก
คุณยังไม่ได้ล็อกอิน คุณสามารถมีกิจกรรมร่วมกับเว็บไซต์ได้ แต่ต้องล็อกอินก่อน ::
  ล็อกอิน

รายการสื่อสารสนเทศ

ลำดับที่ ประเภท เลขเรียก/บาร์โค้ด สถานที่ สถานะ
1. Book การพยาบาล
หนังสือสำรอง
สถานะ=หนังสือสำรอง
WY156 ข226ก ฉ.1 
  Barcode: 012163
ห้องสมุดวิทยาเขตสวรรค์ประชารักษ์
►หนังสือทั่วไป
บนชั้น
2. Book การพยาบาล
Book การพยาบาล
WY156 ข226ก ฉ.2 
  Barcode: 012164
ห้องสมุดวิทยาเขตสวรรค์ประชารักษ์
►หนังสือทั่วไป
บนชั้น
3. Book การพยาบาล
Book การพยาบาล
WY156 ข226ก ฉ.3 
  Barcode: 012165
ห้องสมุดวิทยาเขตสวรรค์ประชารักษ์
►หนังสือทั่วไป
บนชั้น
4. Book การพยาบาล
Book การพยาบาล
WY156 ข226ก ฉ.4 
  Barcode: 012166
ห้องสมุดวิทยาเขตสวรรค์ประชารักษ์
►หนังสือทั่วไป
บนชั้น
5. Book การพยาบาล
Book การพยาบาล
WY156 ข226ก ฉ.5 
  Barcode: 012167
ห้องสมุดวิทยาเขตสวรรค์ประชารักษ์
►หนังสือทั่วไป
บนชั้น

รายการใกล้เคียง
    หัวเรื่อง [มะเร็งตับ]
    หัวเรื่อง [มะเร็งท่อน้ำดี]

BibComment


ยังไม่เคยถูกคอมเมนท์

คอมเมนท์ทรัพยากรรายการนี้
  คอมเมนท์: การพยาบาลผู้ป่วย..


 Copyright 2026. Bcnsprnw @Library